|
|
|
|
| LEADER |
01091nam a2200277 a 4500 |
| 001 |
6616304 |
| 008 |
101227s2008 gw a 000 0 eng d |
| 999 |
|
|
|c 10247
|d 10247
|
| 020 |
|
|
|a 9783938780398 (hbk.)
|
| 020 |
|
|
|a 3938780398 (hbk.)
|
| 040 |
|
|
|a UKM
|c UKM
|d BTCTA
|d BAKER
|d OHX
|d NNC
|d BD-DhAAL
|
| 082 |
0 |
4 |
|a 725.73
|2 22
|
| 100 |
1 |
|
|a Kramer, Sibylle.
|9 32070
|
| 245 |
1 |
0 |
|a Bath & spa /
|c Sybille Kramer.
|
| 260 |
|
|
|a Berlin :
|b Braun ;
|a London :
|b Thames & Hudson [distributor],
|c 2008.
|
| 300 |
|
|
|a 269 p. :
|b ill. ;
|c 31 cm.
|
| 490 |
1 |
|
|a Architecture in focus
|
| 526 |
|
|
|a ARC
|
| 541 |
1 |
|
|e 00021640
|
| 650 |
|
0 |
|a Bathhouses
|x Design and construction.
|9 32071
|
| 650 |
|
0 |
|a Health resorts
|x Design and construction.
|9 32072
|
| 650 |
|
0 |
|a Bathrooms
|x Design and construction.
|9 32073
|
| 830 |
|
0 |
|a Architecture in focus.
|9 32074
|
| 852 |
4 |
|
|a Ayesha Abed Library
|c General Shelf.
|
| 942 |
|
|
|2 ddc
|c BK
|
| 952 |
|
|
|0 0
|1 0
|2 ddc
|4 0
|6 725_730000000000000_KRA
|7 0
|9 13694
|a BRACUL
|b BRACUL
|c GEN
|d 2010-12-30
|e Zeenat Book Supply Ltd.
|g 5850.00
|l 11
|m 64
|o 725.73 KRA
|p 3010021640
|r 2025-07-20
|s 2025-06-23
|t 1
|w 2010-12-30
|y BK
|